| 000 | 00478nam a22001937a 4500 | ||
|---|---|---|---|
| 003 | MPLRDC | ||
| 005 | 20220104123319.0 | ||
| 008 | 210129b ||||| |||| 00| 0 eng d | ||
| 020 | _a7-108-00361-9 | ||
| 082 | _a947.411 CZZ-6 v.13 | ||
| 100 | _a蔡志忠 | ||
| 245 |
_a史记: 历史的长城 _c |
||
| 250 | _a一版二刷 | ||
| 260 |
_a _b三联书店 _c1991 |
||
| 300 | _b平 | ||
| 490 | _a蔡志忠漫画 | ||
| 650 | _a蔡志忠漫画 | ||
| 942 |
_cBK _o947.411 CZZ-6 v.13 |
||
| 999 |
_c10326 _d10316 |
||